000 00430nam a2200181Ia 4500
005 20250603144423.0
008 250603s9999 xx 000 0 und d
020 _a9780750655118
050 _aNA 105 .J65/
100 _aJokilehto, Jukka
245 2 _aA history of architectural conservation
260 _aOxford
260 _bButterworth-Heinemann
260 _c2002
300 _a54 p
650 _aOxford
942 _cBK
999 _c38864
_d38864